|
|
|
|
| LEADER |
00000cam a2200000 a 4500 |
| 001 |
vtls001194210 |
| 003 |
SK-MaSNL |
| 005 |
20260302031738.0 |
| 008 |
960402s1992 ru d 00000 rus |
| 020 |
|
|
|a 502012317X
|c [64,00]
|
| 035 |
|
|
|a SNK000137277
|
| 040 |
|
|
|a SNK
|b slo
|c SNK
|e AACR2
|
| 041 |
0 |
|
|a rus
|a fre
|
| 044 |
|
|
|a ru
|c RU
|
| 080 |
|
|
|a 929 Čechov, A. P.:008(44)
|2 1981
|
| 245 |
0 |
0 |
|a Čechoviana
|b Čechov i Francija
|
| 260 |
|
|
|a Moskva
|b Nauka
|c 1992
|
| 300 |
|
|
|a 277 s.
|c 22 cm
|
| 500 |
|
|
|a Súbež. tit. list a čiast. text franc.
|
| 500 |
|
|
|a Spoluvyd. Institut d'études slaves, París
|
| 600 |
1 |
|
|a Čechov, Anton Pavlovič,
|d 1860-1904
|2 SNKMA
|9 98221
|
| 650 |
0 |
7 |
|a francúzska kultúra
|2 SNKPH
|9 522762
|
| 651 |
|
7 |
|a Francúzsko
|2 SNKPH
|9 15907
|
| 655 |
|
7 |
|a štúdie
|2 SNK
|9 57033
|
| 919 |
|
|
|a 5-02-012317-X
|
| 999 |
|
|
|c 1053574
|d 1055504
|
| 952 |
|
|
|t P60, <04>, [BOOK], {604}
|a SNK
|b SNK
|y VYP
|7 0
|p 17A0002127
|o snkIC 125719
|i snkV 588/96
|0 0
|1 0
|4 0
|d 1996-04-02
|l 0
|r 2005-01-01 00:00:00
|w 2026-02-24
|